Cognitive psychology (Record no. 11453)

000 -LEADER
fixed length control field 00558cam a2200181 a 4500
020 ## - INTERNATIONAL STANDARD BOOK NUMBER
International Standard Book Number 9780534514211
040 ## - CATALOGING SOURCE
Original cataloging agency DLC
Transcribing agency DLC
082 00 - DEWEY DECIMAL CLASSIFICATION NUMBER
Classification number 153
Edition number 21
100 1# - MAIN ENTRY--PERSONAL NAME
Personal name Sternberg, Robert J.
245 10 - TITLE STATEMENT
Title Cognitive psychology
Statement of responsibility, etc. Robert J.Sternberg
250 ## - EDITION STATEMENT
Edition statement 4th ed.
260 ## - PUBLICATION, DISTRIBUTION, ETC.
Place of publication, distribution, etc. Australia ;
-- Belmont, CA :
Name of publisher, distributor, etc. Thomson/Wadsworth,
Date of publication, distribution, etc. c2006.
300 ## - PHYSICAL DESCRIPTION
Extent xxviii, 595 p. :
Other physical details ill. ;
Dimensions 24 cm.
504 ## - BIBLIOGRAPHY, ETC. NOTE
Bibliography, etc. note Includes bibliographical references (p. 538-578) and indexes.
650 #0 - SUBJECT ADDED ENTRY--TOPICAL TERM
Topical term or geographic name entry element Cognitive psychology
Form subdivision Textbooks.
700 1# - ADDED ENTRY--PERSONAL NAME
Personal name Mio, Jeffery Scott,
942 ## - ADDED ENTRY ELEMENTS (KOHA)
Source of classification or shelving scheme
Koha item type Book
Holdings
Withdrawn status Lost status Damaged status Not for loan Collection code Permanent Location Current Location Shelving location Date acquired Source of acquisition Cost, normal purchase price Total Checkouts Full call number Barcode Date last seen Date last checked out Price effective from Koha item type
          Central Library (CL) Central Library (CL) General Stacks 11/20/2012 Academic Book Company 7428.83 1 153 STE SEECS011702 06/29/2021 02/07/2019 12/21/2012 Book
© 2023 Central Library, National University of Sciences and Technology. All Rights Reserved.